Integrated organic farming handbook / (Record no. 142079)

MARC details
000 -LEADER
fixed length control field 00537nam a22001817a 4500
005 - DATE AND TIME OF LATEST TRANSACTION
control field 20170628120227.0
010 ## - LCCN (DPL NO)
LC control number ENG-118973
020 ## - INTERNATIONAL STANDARD BOOK NUMBER
International Standard Book Number 9788178331522
Terms of availability 1275.00
035 ## - SYSTEM CONTROL NUMBER
System control number EN-102505
037 ## - SOURCE OF ACQUISITION
Source of stock number/acquisition DBAD/PUB
082 ## - DEWEY DECIMAL CLASSIFICATION NUMBER
Classification number 631.584
100 ## - MAIN ENTRY--PERSONAL NAME
Personal name Panda,Himadri
245 ## - TITLE STATEMENT
Title Integrated organic farming handbook /
Statement of responsibility, etc by Himadri Panda
260 ## - PUBLICATION, DISTRIBUTION, ETC. (IMPRINT)
Place of publication, distribution, etc Delhi
Name of publisher, distributor, etc Asia Pacific Business Press Inc.
Date of publication, distribution, etc 2013
270 ## - ADDRESS
Address 106-E, Kamla Nagar
City Delhi
Postal code 110007
300 ## - PHYSICAL DESCRIPTION
Extent xix,460p.
Dimensions 21cm(Pbk)
942 ## - ADDED ENTRY ELEMENTS (KOHA)
Source of classification or shelving scheme Dewey Decimal Classification
Item type English Books
Classification part 631.584
Call number suffix PAN
Holdings
Withdrawn status Lost status Not for loan Collection code Home library Current library Date acquired Source of acquisition Cost, normal purchase price Full call number Barcode Copy number Cost, replacement price Koha item type
      Non-fiction D.B.Act.Division Mobile Library 28/06/2017 DBAD/PUB 1275.00 631.584 PAN EN-102505 1 1275.00 English Books

© Delhi Public Library
Hit Counter
free hit counter